000 00598nam a22001937a 4500
999 _c20733
_d20733
003 AR-CdUCM
008 190604b ||||| |||| 00| 0 spa d
040 _aMUNICIPALIDAD PROVINCIAL DEL CUSCO
_cBIBLIOTECA MUNICIPAL DEL CUSCO
082 _a869.56 /
_b667
100 _aVillasís Mendoza, José A.
_943298
245 _aEntre simas y cimas /
260 _aLima :
_bVial,
_c1989.
300 _a64 páginas ;
_c21 cm.
505 _aContenido: Dedicatoria -- Prologo -- Reflexiones...
650 _aPoesías peruanas
_91481
650 _aSiglo XX
_98
942 _2ddc
_cLIBROS
945 _aJavier